| 000 | 01522nam a2200433Ii 4500 | ||
|---|---|---|---|
| 001 | DIGNOBUK152 | ||
| 003 | NyNyDIG | ||
| 007 | cr ||||||||||| | ||
| 008 | 170524t20112010ag ob 000 0 spa d | ||
| 006 | m o d | ||
| 035 | _a(OCoLC)988241223 | ||
| 040 |
_aDGITA _beng _erda _epn _cDGITA |
||
| 020 |
_a9781449233464 _q(eBook) |
||
| 020 |
_a9789873410581 _q(eBook) |
||
| 020 | _z9789875842915 | ||
| 020 | _z9875842915 | ||
| 050 | 1 | 4 | _aNC710 ebook |
| 082 | 0 | 4 | _a741.2 |
| 100 | 1 |
_aDe Pietro, Sergio S., _eauthor. |
|
| 245 | 1 | 0 |
_aDiseñar hoy : _bvisión y gestión estratégica del diseño / _cSergio Salvador de Pietro, Pablo Hamra. |
| 264 | 1 |
_a[Buenos Aires, Argentina] : _bNobuko , _c[2011] |
|
| 264 | 4 | _c©2010 | |
| 300 | _a1 online resource. | ||
| 336 |
_atext _btxt _2rdacontent |
||
| 337 |
_acomputer _bc _2rdamedia |
||
| 338 |
_aonline resource _bcr _2rdacarrier |
||
| 504 | _aIncludes bibliographical references. | ||
| 588 | 0 | _aOnline resource; title from PDF title page (Digitalia, viewed May 25, 2017) | |
| 650 | 0 | _aDesign. | |
| 650 | 0 | _aGraphic arts. | |
| 655 | 0 | _aElectronic books. | |
| 700 | 1 |
_aHamra, Pablo, _eauthor. |
|
| 791 | 2 |
_aDigitalia (Firm), _edistributor. |
|
| 793 | 0 |
_gDigitalia eBook Collection: _aEditorial Nobuko |
|
| 776 | 0 | 8 |
_iPrint version: _aDe Pietro, Sergio S. _tDiseñar hoy. _dBuenos Aires : Nobuko , 2010 _z9789875842915 |
| 856 | 4 | 0 |
_3Digitalia Hispánica _uhttps://www.digitaliapublishing.com/a/34062/ |
| 910 | _aPremium Collection: 2018 | ||
| 942 | _cRAA | ||
| 999 |
_c242207 _d242207 |
||